01937naa a2200529 a 450000100080000000500110000800800410001910000230006024500690008326000090015230000180016150000110017952005920019065000160078265000130079865000180081165000110082965000110084065000140085165000130086565000120087865000200089065000120091065000150092265000160093765000110095365000120096465000150097665000130099165000150100465000140101965000140103365000130104765300200106065300160108065300150109665300140111165300150112565300260114065300220116665300120118865300120120065300140121265300180122665300160124477301470126013182441997-02-27 1991 bl uuuu u00u1 u #d1 aEUCLIDES, V. P. B. aLimites nutricionais para producao de gado de corte em pastagem. c1991 anao paginado. aCNPGC. aVitaminas. Minerais. Proteina. Deficiencia proteica. Controle de deficiencia proteica. Selecao e melhoramento das forrageiras. Adubacao nitrogenada. Uso de leguminosas. Suplementacao proteica. Energia. Aumentando a digestibilidade. Selecao e melhoramento das forrageiras. Suplementacao. Estrategia de manejo. Consumo. Efeito da suplementacao sobre o consumo. Disponibilidade de forragem. Relacao folha: caule. Densidade. Manejo. Ajuste do numero de animal numa area de pastagem fixa. Ajuste da area para um numero fixo de animais. Suplementacao durante o periodo de escassez de forragem. abeef cattle abreeding adigestibility aenergy aforage anutrition avitamins aConsumo aDigestibilidade aEnergia aLeguminosa aLeguminosae aManejo aMineral aNutrição aPastagem aProdução aProteína aSeleção aVitamina aBovino de corte aConsumption aForrageira aHusbandry aManagement aMelhoramento genetico aMineral nutrients aPasture aProtein aSelection aSuplementacao aSupplements tIn: CURSO DE ATUALIZACAO EM NUTRICAO DE BOVINOS DE CORTE, 1., 1991, Campo Grande. [Palestras apresentadas]. Campo Grande: EMBRAPA-CNPGC, 1991.